000 00476nam a2200193Ia 4500
008 101110s9999 xx 000 0 und d
041 _aENGLISH
082 _bSR24126
100 _aDas, Sumitabha
245 _aUnix : concepts and applications
365 _b220
520 _aComputer
546 _aENGLISH
630 _aUnix : concepts and applications
650 _aComputer
655 _aComputer
730 _aUnix : concepts and applications
942 _cBOOK
999 _c816800
_d816797